| 000 | 00998cam a22003014a 4500 | ||
|---|---|---|---|
| 001 | 16850031 | ||
| 005 | 20180220032207.0 | ||
| 008 | 110627s2012 paua b 001 0 eng | ||
| 010 | _a 2011027307 | ||
| 016 | 7 |
_a101563437 _2DNLM |
|
| 020 | _a9780781780698 (alk. paper) | ||
| 020 | _a0781780691 (alk. paper) | ||
| 035 | _a(OCoLC)ocn733916571 | ||
| 040 |
_aDNLM/DLC _cDLC _dYDX _dNLM _dYDXCP _dCDX _dSLV _dDLC |
||
| 041 | _aeng | ||
| 042 | _apcc | ||
| 060 | 1 | 0 | _aWY 100.4 |
| 080 | _a616.0754 QUI | ||
| 082 | 0 | 0 |
_a616.0754 QUI _223 |
| 100 | 1 | _a7 | |
| 101 | _aANA | ||
| 245 | 1 | 0 |
_aBates' nursing guide to physical examination and history taking / _cBeth Hogan-Quigley, Mary Louise Palm, Lynn S. Bickley. |
| 246 | 3 | 0 | _aNursing guide to physical examination and history taking |
| 504 | _aIncludes bibliographical references and index. | ||
| 906 |
_a7 _bcbc _corignew _d1 _eecip _f20 _gy-gencatlg |
||
| 942 |
_2ddc _cBK |
||
| 999 |
_c42861 _d42861 |
||